| 000 -ლიდერი |
| ფიქსირებული სიგრძის საკონტროლო ველი |
01632nam a2200265Ia 4500 |
| 001 - საკონტროლო ნომერი |
| საკონტროლო ველი |
476 |
| 003 - საკონტროლო ნომრის იდენტიფიკატორი |
| საკონტროლო ველი |
GE_BSU |
| 005 - ბოლო ოპერაციის თარიღი და დრო |
| საკონტროლო ველი |
20200127163559.0 |
| 008 - ფიქსირებული სიგრძის მონაცემთა ელემენტები - ზოგადი ინფორმაცია |
| ფიქსირებული სიგრძის საკონტროლო ველი |
181216s2001||||ge |||||||||||||| ||geo|| |
| 020 ## - წიგნის საერთაშორისო სტანდარტული ნომერი |
| International Standard Book Number |
9992881003 |
| 040 ## - კატალოგიზაციის წყარო |
| Transcribing agency |
GE_BSU |
| 041 ## - ენის კოდი |
| Language code of text/sound track or separate title |
geo |
| 080 ## - უნივერსალური ათობითი კლასიფიკაციის ინდექსი |
| Universal Decimal Classification number |
344.722(479.22)(035)+658.114.3(479.22)(035)+050.8(479.22)(035) ს-32 |
| 245 ## - ცნობა სათაურის შესახებ |
| Title |
საქმიანი საქართველო R. საქართველოს კომპანიები 2011 : |
| Remainder of title |
ცნობარი / |
| Statement of responsibility, etc |
პროექტის ხელმძღვ. ო. შატბერაშვილი ; სარედ. კოლ.: თ. ჩუბინიშვილი, დ. დუმბაძე ; საინფორმ. ბლოკის ავტ.: დ. დუმბაძე [და სხვ.] ; მხატვრ. გაფორმება: თ. თოდუა [და სხვ.]]. |
| 264 ## - წარმოების, გამოცემის, დისტრიბუციის და სხვა ცნობები |
| გამოცემის, წარმოების, დისტრიბუციის... ადგილი |
თბილისი : |
| გამოცემის, წარმოების, დისტრიბუციის... სახელწოდება |
ტექინფორმი, |
| გამოცემის, წარმოების, დისტრიბუციის... თარიღი |
2001. |
| 300 ## - ფიზიკური აღწერა |
| Extent |
320 გვ. ; |
| Other physical details |
27 სმ. |
| 490 ## - სერიის ცნობა |
| Series statement |
ტექინფორმის ცნობარები |
| 501 ## - შენიშვნა თანმხლებ მასალაზე |
| With note |
კომპანიების ანბ საძ.: გვ. AI-AXXXV; საგ. საძ.: გვ. BI-BXXIII. |
| 653 ## - INDEX TERM--UNCONTROLLED |
| Uncontrolled term |
საქართველოს კომპანიები |
| -- |
ცნობარები |
| 700 ## - ADDED ENTRY--PERSONAL NAME |
| Personal name |
დუმბაძე, დ. |
| 9 (RLIN) |
6414 |
| 700 ## - ADDED ENTRY--PERSONAL NAME |
| Personal name |
ახვლედიანი, ლ. |
| 9 (RLIN) |
6415 |
| 700 ## - ADDED ENTRY--PERSONAL NAME |
| Personal name |
ბერიშვილი, მ. |
| 9 (RLIN) |
6416 |
| 700 ## - ADDED ENTRY--PERSONAL NAME |
| Personal name |
ბიკაშვილი, ლ. და სხვ. |
| Relator term |
რედაქტორი |
| 9 (RLIN) |
6417 |
| 942 ## - ADDED ENTRY ELEMENTS (KOHA) |
| Koha item type |
წიგნი |
| Source of classification or shelving scheme |
|